000 02156nam0a2200325 4500
001 RU\NLR\BIBL_A\022594785
005 20260420051524.0
021 _aRU
_bКН-П-25-032675
_9КН-П-25-3226
035 _a(NLR Aleph) 022594785
090 _a13680047
_c13680047
100 _a20250801d2024 u y0rusy50 ca
101 0 _arus
102 _aRU
105 _aa j 000yy
181 0 _ai
_bxxxe
182 0 _an
200 1 _aТеория организаций
_eучебно-методическое пособие
_eдля студентов-бакалавров, обучающихся по основной профессиональной образовательной программе высшего образования по направлению подготовки 38.03.0 "Менеджмент"
_fМ. Г. Гильдингерш, Ю. А. Мартынова
_gМинистерство науки и высшего образования Российской Федерации, Федеральное государственное автономное образовательное учреждение высшего образования Санкт-Петербургский государственный университет аэрокосмического приборостроения
203 _aТекст
_bвизуальный
_cнепосредственный
210 _aСанкт-Петербург
_cГУАП
_d2024
215 _a136, [1] с.
_cил., табл.
_d21
320 _aБиблиогр.: с. 136 (15 назв.)
606 1 _aОрганизации
_jУчебно-методические пособия для высших учебных заведений
_xТеория
_92153648
_3RU\NLR\AUTH\661296700
686 1 _aУ29(0)я73
686 1 _aУ010.4я73
700 1 _aГильдингерш
_bМ. Г.
_gМарина Григорьевна
701 1 _aМартынова
_bЮ. А.
_cканд. экон. наук
_gЮлия Анатольевна
_9232906
_3RU\NLR\AUTH\770232962
942 _cBOOK
980 _aNB